000
00314nam a22001337a 4500
008
171005b xxu||||| |||| 00| 0 eng d
020
_a
0803682115
041
_a
eng
080
_2
2ND
_a
159.9
100
_a
49
101
_a
PSI
245
_a
THEMENTAL STATUS EXAMINATION IN NEUROLOGY
_c
STRUB,R.L
942
_2
udc
_c
BK
999
_c
32133
_d
32133